| 000 | 01369cam a2200337 a 4500 | ||
|---|---|---|---|
| 001 | 12991601 | ||
| 005 | 20250505135543.0 | ||
| 008 | 021104r2001 enka b 001 0 eng d | ||
| 010 | _a 2002728022 | ||
| 020 | _a1841740128 | ||
| 035 | _a(CStRLIN)NYCXV4394819-B | ||
| 040 |
_aIeGyUC _cIeGyUC _dUk _dMiU _dNNU-L _dCStRLIN _dNIC _dDLC |
||
| 042 | _alccopycat | ||
| 043 | _ae------ | ||
| 050 | 0 | 0 |
_aKJE945 _b.W43 2001 |
| 082 | 0 | 0 |
_a341.2422 _bWEA |
| 100 | 1 |
_aWeatherill, Stephen, _d1961- _9128811 |
|
| 245 | 1 | 0 |
_aCases and materials on EC law / _cStephen Weatherill. |
| 246 | 3 | 0 | _aEC law |
| 250 | _a5th ed., repr. | ||
| 260 |
_aLondon : _bBlackstone Press, _c2001. |
||
| 300 |
_alxiv, 763 p. : _bill. ; _c23 cm. |
||
| 504 | _aIncludes bibliographical references (p. [750]-752) and index. | ||
| 650 | 0 |
_aLaw _zEuropean Economic Community countries. _9128812 |
|
| 856 | 4 | 2 |
_3Publisher description _uhttp://www.loc.gov/catdir/enhancements/fy0639/2002728022-d.html |
| 856 | 4 | 1 |
_3Table of contents only _uhttp://www.loc.gov/catdir/enhancements/fy0639/2002728022-t.html |
| 856 | 4 | 2 |
_3Contributor biographical information _uhttp://www.loc.gov/catdir/enhancements/fy0725/2002728022-b.html |
| 906 |
_a7 _bcbc _ccopycat _d2 _encip _f20 _gy-gencatlg |
||
| 942 |
_2ddc _cBK |
||
| 999 |
_c613654 _d613654 |
||